5 điểm chết trong teamwork Câu chuyện bất ngờ về thuật lãnh đạo

Zapisane w:
Opis bibliograficzny
1. autor: Lencioni, Patrick M.
Kolejni autorzy: Nguyễn, Vũ Tú Uyên, Trần, Thu Lê (Dịch)
Format: Książka
Wydane: Tp. Hồ Chí Minh Tổng hợp Tp. Hồ Chí Minh ; Công ty Văn hóa Sáng tạo Trí Việt 2018
Hasła przedmiotowe:
Etykiety: Dodaj etykietę
Nie ma etykietki, Dołącz pierwszą etykiete!
Thư viện lưu trữ: Trung tâm Học liệu Lê Vũ Hùng, Trường Đại học Đồng Tháp
LEADER 01114pam a22002778a 4500
001 00044955
005 20191017101017.0
008 161118s2015 ||||||Viesd
020 # # |a 9786045881927  |c 114000 
041 0 # |a Vie 
082 1 4 |a 658.4  |b N114Đ 
100 1 # |a Lencioni, Patrick M. 
245 1 0 |b Câu chuyện bất ngờ về thuật lãnh đạo  |a 5 điểm chết trong teamwork  |c Patrick M. Lencioni ; Nguyễn Vũ Tú Uyên, Trần Thu Lê (dịch) 
260 # # |a Tp. Hồ Chí Minh  |b Tổng hợp Tp. Hồ Chí Minh ; Công ty Văn hóa Sáng tạo Trí Việt  |c 2018 
300 # # |a 255 tr.  |c 21 cm. 
500 # # |a Tên sách tiếng Anh: The five dysfunctions of a team - A leadership fable 
653 # # |a Kinh doanh 
653 # # |a Thành công 
653 # # |a Lãnh đạo 
653 # # |a Làm việc nhóm 
700 # # |a Nguyễn, Vũ Tú Uyên 
700 # # |e Dịch 
700 # # |a Trần, Thu Lê 
852 # # |j KM.0033317  |j KD.0026363 
910 # # |d 17/10/2019 
980 # # |a Trung tâm Học liệu Lê Vũ Hùng, Trường Đại học Đồng Tháp